| 000 | 00854nam a22002057a 4500 | ||
|---|---|---|---|
| 005 | 20210824112149.0 | ||
| 008 | 170814b mx ||||| |||| 00| 0 mx d | ||
| 020 | _a9786070903700 | ||
| 050 | 0 | 4 |
_aK2390 _bA23 2010 |
| 245 | 0 | 0 |
_aAcceso a la justicia alternativa _b: la reforma al artículo 17 constitucional : una visión de conjunto a los mecanismos alternativos de solución de controversias _c/ coordinador Gonzalo Uribarri Carpintero ; prólogo Eduardoo Ferrer Mac-Gregor Poisot. |
| 250 | _a1a ed. | ||
| 260 |
_aMéxico : _bPorrúa, _cc2010 |
||
| 300 |
_axvi, 372 p. : _c23 cm. |
||
| 650 | 7 |
_2lemb _aMediación |
|
| 650 | 4 | _aDisputa de resolución (Derecho) | |
| 650 | 7 |
_2lemb _aAdministración de justicia |
|
| 700 | 1 |
_aUribarri Carpintero, Gonzalo _ecoordinador |
|
| 700 | 1 |
_aFerrer Mac-Gregor Poisot, Eduardo _eprologuista |
|
| 942 |
_2lcc _cLIB |
||
| 999 |
_c136102 _d136102 |
||